[Event "Washington Open"]
[Site "Chess.com"]
[Date "2020.05.25"]
[Round "?"]
[White "Orlov, Georgi"]
[Black "Lenderman, Aleksandr"]
[Result "1-0"]
[WhiteElo "2507"]
[BlackElo "2717"]
[PlyCount "173"]
[EventDate "2020.??.??"]

1. e4 c6 2. Nf3 d5 3. Nc3 Nf6 4. e5 Ne4 5. d4 Nxc3 6. bxc3 e6 7. Bd3 c5 8. Ng5
Qc7 9. O-O Nc6 10. Qg4 g6 11. Qf4 Bg7 12. Ba3 h6 13. Nf3 c4 14. Be2 Qa5 15. Bb2
Qa4 16. Bd1 Bd7 17. Bc1 Bf8 18. h4 Rh7 19. Nh2 h5 20. Nf3 Be7 21. Ng5 Rg7 22.
Re1 O-O-O 23. Re3 Rf8 24. Rf3 a6 25. Qg3 Ba3 26. Qf4 Nd8 27. Qd2 Re8 28. Bxa3
Qxa3 29. Qc1 Qxc1 30. Rxc1 Ba4 31. Rf4 Kd7 32. Kf1 Ke7 33. Ke1 Nc6 34. Kd2 b5
35. a3 a5 36. Ra1 Rh8 37. Be2 Nb8 38. Rh1 Nc6 39. Rh3 Rb8 40. Rhf3 Nd8 41. Bd1
Rb7 42. Rh3 Nc6 43. Rhf3 Ke8 44. Rh3 b4 45. axb4 axb4 46. cxb4 Rxb4 47. Ra3 c3+
48. Kxc3 Rc4+ 49. Kd2 Nxe5 50. g3 Nc6 51. Be2 Rxc2+ 52. Ke3 e5 53. dxe5 d4+ 54.
Kd3 Nxe5+ 55. Kxd4 Rxe2 56. Rxa4 f5 57. Ra8+ Ke7 58. Ra7+ Nd7 59. Kd3 Rb2 60.
Rd4 Ke8 61. Ra8+ Rb8 62. Ra5 Re7 63. Rd6 Nf8 64. f4 Rb3+ 65. Kd4 Ree3 66. Re5+
Rxe5 67. fxe5 Rxg3 68. Ra6 Nd7 69. Ra8+ Ke7 70. Ra7 Ke8 71. e6 Nf6 72. Nf7 Ne4
73. Ne5 Nc3 74. Rb7 Ne2+ 75. Kd5 Nc3+ 76. Kd4 Ne2+ 77. Kc5 Nf4 78. Kd6 Nxe6 79.
Kxe6 Kd8 80. Nf7+ Ke8 81. Nd6+ Kf8 82. Kf6 Kg8 83. Rg7+ Kf8 84. Re7 Kg8 85.
Re8+ Kh7 86. Nf7 f4 87. Rh8# 1-0

[Event "Washington Open"]
[Site "Chess.com"]
[Date "2020.05.25"]
[Round "?"]
[White "Raptis, Nick"]
[Black "Orlov, Georgi"]
[Result "1/2-1/2"]
[WhiteElo "2393"]
[BlackElo "2507"]
[PlyCount "29"]
[EventDate "2020.??.??"]

1. d4 Nf6 2. c4 e6 3. Nf3 Bb4+ 4. Bd2 Qe7 5. g3 Nc6 6. Nc3 d5 7. a3 Bxc3 8.
Bxc3 O-O 9. Bg2 Ne4 10. Qc2 a5 11. O-O Rd8 12. Rfd1 Bd7 13. Ne5 Nxc3 14. Qxc3
Nxe5 15. dxe5 1/2-1/2

[Event "Washington Open"]
[Site "Chess.com"]
[Date "2020.05.24"]
[Round "?"]
[White "Lenderman, Aleksandr"]
[Black "Sohal, Tanraj"]
[Result "1-0"]
[WhiteElo "2717"]
[BlackElo "2326"]
[PlyCount "123"]
[EventDate "2020.??.??"]

1. c4 e6 2. g3 d5 3. Bg2 Nf6 4. Nf3 Be7 5. d4 O-O 6. Nc3 dxc4 7. Ne5 c5 8. dxc5
Qxd1+ 9. Nxd1 Bxc5 10. O-O Nbd7 11. Nxc4 Nd5 12. Nde3 N7f6 13. Rd1 b6 14. Nxd5
Nxd5 15. Ne3 Bxe3 16. Bxe3 Bb7 17. Bd4 Rfd8 18. a4 h6 19. a5 bxa5 20. Rxa5 a6
21. Raa1 Bc6 22. e4 Nb4 23. Bc3 Nd3 24. f3 Bb5 25. Ba5 Rdc8 26. Bc3 Rd8 27. Bf1
Nc5 28. Bxb5 axb5 29. Rxa8 Rxa8 30. Bb4 Na6 31. Ra1 Nc7 32. Rxa8+ Nxa8 33. Ba5
Kf8 34. Kf2 Ke8 35. Ke3 Kd7 36. Kd4 Kc6 37. Bb4 h5 38. Bf8 g6 39. Ke5 Kd7 40.
Kf6 Ke8 41. Bc5 Nc7 42. b4 e5 43. Kxe5 Ne6 44. Be3 Ke7 45. Kd5 Kd7 46. f4 f6
47. h3 Nc7+ 48. Kc5 Ne8 49. Bd4 Nd6 50. Kd5 Ne8 51. f5 g5 52. e5 Nc7+ 53. Kc5
fxe5 54. Bxe5 Ne8 55. Kxb5 g4 56. hxg4 hxg4 57. Kc5 Ke7 58. b5 Nf6 59. Bxf6+
Kxf6 60. b6 Kxf5 61. b7 Ke4 62. b8=Q 1-0

[Event "Washington Open"]
[Site "Chess.com"]
[Date "2020.05.25"]
[Round "?"]
[White "Lenderman, Aleksandr"]
[Black "Huang, Patrick"]
[Result "1-0"]
[WhiteElo "2717"]
[BlackElo "2247"]
[PlyCount "57"]
[EventDate "2020.??.??"]

1. d4 g6 2. c4 Bg7 3. Nf3 d6 4. Nc3 Nd7 5. e4 e5 6. Be2 exd4 7. Nxd4 Ngf6 8.
O-O O-O 9. Be3 Re8 10. f3 Nf8 11. Qd2 Ne6 12. Rfd1 Nxd4 13. Bxd4 Nd7 14. Bxg7
Kxg7 15. Qd4+ Qf6 16. Nb5 Qxd4+ 17. Rxd4 c5 18. Rxd6 Re7 19. Rad1 b6 20. f4 Nf8
21. Bf3 Bb7 22. Nc3 f5 23. exf5 gxf5 24. Nd5 Bxd5 25. R1xd5 Rf7 26. Re5 Rb8 27.
Bh5 Ng6 28. Bxg6 hxg6 29. Ree6 1-0

[Event "Washington Open"]
[Site "Chess.com"]
[Date "2020.05.25"]
[Round "?"]
[White "Mahajan, Rushaan"]
[Black "Raptis, Nick"]
[Result "0-1"]
[WhiteElo "2208"]
[BlackElo "2393"]
[PlyCount "94"]
[EventDate "2020.??.??"]

1. Nf3 g6 2. d4 Bg7 3. c4 f5 4. Nc3 Nf6 5. g3 O-O 6. Bg2 d6 7. O-O Nc6 8. d5
Ne5 9. b3 Ne4 10. Nb5 Nxc4 11. Rb1 Nb6 12. Bb2 Bxb2 13. Rxb2 a6 14. Nbd4 Nxd5
15. b4 e6 16. Qc2 Bd7 17. Nd2 Nef6 18. e4 fxe4 19. Nxe4 Nxe4 20. Qxe4 Qf6 21.
Rc2 c6 22. Nb3 e5 23. Qe2 Be6 24. Na5 Rf7 25. a3 Rd8 26. Nc4 g5 27. Nd2 Ne7 28.
Ne4 Qg6 29. Qe3 h6 30. Qb6 Rd7 31. Rd2 Nf5 32. Qa7 Bd5 33. f3 Nd4 34. Rdf2 Kg7
35. Bh3 Rd8 36. Qb6 Rdf8 37. Bg2 Qe6 38. Qa7 Kg6 39. Qb6 Bxe4 40. fxe4 Rxf2 41.
Rxf2 Rxf2 42. Kxf2 Qa2+ 43. Kg1 Qb1+ 44. Bf1 Qc2 45. Bg2 Qc1+ 46. Kf2 Qd2+ 47.
Kf1 Nc2 0-1

[Event "Washington Open"]
[Site "Chess.com"]
[Date "2020.05.25"]
[Round "?"]
[White "Sohal, Tanraj"]
[Black "Shubin, Daniel"]
[Result "1-0"]
[WhiteElo "2326"]
[BlackElo "2161"]
[PlyCount "85"]
[EventDate "2020.??.??"]

1. d4 d5 2. c4 e6 3. Nc3 Nf6 4. Bg5 Be7 5. Bxf6 Bxf6 6. Nf3 O-O 7. Qb3 c6 8.
Rd1 Qb6 9. Qxb6 axb6 10. e3 Nd7 11. a3 Re8 12. Be2 dxc4 13. Bxc4 e5 14. Ne4
exd4 15. Nxf6+ Nxf6 16. Nxd4 Bg4 17. f3 Bh5 18. Kf2 Rad8 19. Nf5 Bg6 20. Nd6
Re7 21. Nxb7 Rb8 22. Nd6 Rd7 23. Bb3 b5 24. e4 c5 25. Ke2 c4 26. Bc2 Kf8 27.
Rd2 Rbd8 28. Rhd1 Ke7 29. Nxb5 Rxd2+ 30. Rxd2 Rb8 31. a4 Nd7 32. Ke3 f6 33. Kd4
Ne5 34. Kc3 Be8 35. Nc7 Bc6 36. Nd5+ Ke6 37. b4 cxb3 38. Bxb3 Bxd5 39. Rxd5 Ke7
40. f4 Nc6 41. Bc4 Nb4 42. Rb5 Rxb5 43. axb5 1-0

[Event "Washington Open"]
[Site "Chess.com"]
[Date "2020.05.24"]
[Round "?"]
[White "Raptis, Nick"]
[Black "Sairam, Pranav"]
[Result "1-0"]
[WhiteElo "2393"]
[BlackElo "2087"]
[PlyCount "111"]
[EventDate "2020.??.??"]

1. d4 d5 2. Nf3 Nf6 3. c4 e6 4. g3 Be7 5. Bg2 O-O 6. O-O dxc4 7. Qc2 a6 8. a4
c5 9. dxc5 Bxc5 10. Nbd2 Qe7 11. Ne5 Nbd7 12. Nexc4 Rb8 13. Nb3 Ba7 14. Rd1 Nc5
15. Bf4 Nxb3 16. Qxb3 e5 17. Nxe5 Be6 18. Qf3 Rbd8 19. Qxb7 Qc5 20. Rxd8 Qxf2+
21. Kh1 Rxd8 22. Nc6 Bb6 23. Nxd8 Ng4 24. h3 Qc5 25. Nxe6 Nf2+ 26. Kh2 fxe6 27.
Qc6 Qxc6 28. Bxc6 Kf7 29. b4 Kf6 30. g4 g5 31. Bg3 Bd4 32. Bxf2 Bxa1 33. Bb7
Bc3 34. Bc5 a5 35. b5 Be5+ 36. Kg2 Bb8 37. Bb6 Ke5 38. Bxa5 Kd4 39. Bd2 h6 40.
a5 Kc5 41. b6 Kb5 42. Be4 Ka6 43. Bd3+ Kb7 44. Be3 Bf4 45. a6+ Kb8 46. Bxf4+
gxf4 47. Be4 Kc8 48. Bc6 e5 49. a7 Kd8 50. a8=Q+ Ke7 51. Qe8+ Kd6 52. b7 Kc5
53. b8=Q Kc4 54. Qexe5 f3+ 55. Kxf3 h5 56. Qbb5# 1-0

[Event "Washington Open"]
[Site "Chess.com"]
[Date "2020.05.24"]
[Round "?"]
[White "Mahajan, Rushaan"]
[Black "Anand, Vignesh"]
[Result "1/2-1/2"]
[WhiteElo "2208"]
[BlackElo "2080"]
[PlyCount "69"]
[EventDate "2020.??.??"]

1. Nf3 Nf6 2. g3 e6 3. Bg2 d5 4. d4 Be7 5. c4 c6 6. O-O Nbd7 7. b3 b6 8. Bb2
Bb7 9. Nbd2 O-O 10. Ne5 c5 11. cxd5 exd5 12. e3 Ne4 13. Nxe4 dxe4 14. Nxd7 Qxd7
15. dxc5 Qxd1 16. Rfxd1 Bxc5 17. Rd7 Bc6 18. Rd2 Rfd8 19. Rad1 Be7 20. Be5 Rxd2
21. Rxd2 Rd8 22. Rxd8+ Bxd8 23. Kf1 f5 24. Ke1 Kf7 25. Bf1 b5 26. Kd2 g6 27.
Be2 Ba5+ 28. Bc3 Bb6 29. b4 Ke6 30. Bh8 a6 31. Kc3 Bc7 32. Bd4 Be5 33. a3 Bb7
34. Bd1 Bd5 35. Be2 1/2-1/2

[Event "Washington Open"]
[Site "Chess.com"]
[Date "2020.05.25"]
[Round "?"]
[White "Huang, Patrick"]
[Black "Whale, Nicholas"]
[Result "1-0"]
[WhiteElo "2247"]
[BlackElo "2065"]
[PlyCount "65"]
[EventDate "2020.??.??"]

1. d4 Nf6 2. Bf4 g6 3. Nc3 d5 4. e3 Bg7 5. h4 c5 6. Nb5 Na6 7. c3 c4 8. b3 cxb3
9. axb3 Bd7 10. Rxa6 bxa6 11. Nc7+ Kf8 12. Nxa8 Qxa8 13. Bxa6 Qc6 14. Qa1 Ne4
15. Ne2 f6 16. c4 Qb6 17. O-O Nd2 18. c5 Qxb3 19. Rd1 Nc4 20. Rb1 Qc2 21. Bxc4
dxc4 22. Rb2 Qd3 23. Qxa7 c3 24. Nxc3 Qxc3 25. Rb8+ Kf7 26. Rxh8 Bxh8 27. Qxd7
Qe1+ 28. Kh2 Qxf2 29. Bg3 Qxe3 30. c6 f5 31. Qd5+ Qe6 32. Qxe6+ Kxe6 33. d5+
1-0

[Event "Washington Open"]
[Site "Chess.com"]
[Date "2020.05.25"]
[Round "?"]
[White "Whale, Nicholas"]
[Black "Mahajan, Rushaan"]
[Result "1-0"]
[WhiteElo "2065"]
[BlackElo "2208"]
[PlyCount "47"]
[EventDate "2020.??.??"]

1. e4 c6 2. d4 d5 3. exd5 cxd5 4. c4 Nf6 5. Nc3 e6 6. Nf3 Be7 7. Bd3 a6 8. c5
O-O 9. Bf4 Nc6 10. a3 a5 11. Nb5 Ne8 12. Qc2 g6 13. h4 Na7 14. Nxa7 Rxa7 15. h5
f5 16. hxg6 hxg6 17. Qd2 Bf6 18. Rh6 Kf7 19. Be5 Rg8 20. Rh7+ Rg7 21. Qh6 Rxh7
22. Qxh7+ Bg7 23. Bxg7 Nxg7 24. Ne5+ 1-0

[Event "Washington Open"]
[Site "Chess.com"]
[Date "2020.05.24"]
[Round "?"]
[White "Nathan, Jacob"]
[Black "Lenderman, Aleksandr"]
[Result "0-1"]
[WhiteElo "1984"]
[BlackElo "2717"]
[PlyCount "54"]
[EventDate "2020.??.??"]

1. e4 c6 2. d4 d5 3. exd5 cxd5 4. Bd3 Nc6 5. c3 Qc7 6. h3 g6 7. Nf3 Bf5 8. Bxf5
gxf5 9. O-O e6 10. Bg5 Nge7 11. Bf6 Rg8 12. Ne5 Ng6 13. f4 Bg7 14. Bxg7 Rxg7
15. Na3 Kf8 16. Nb5 Qe7 17. Qb3 Kg8 18. Qa3 Qh4 19. Nd3 Kh8 20. Nd6 Rag8 21.
Rf2 Qh5 22. Nxb7 Nh4 23. Ne1 Nxg2 24. Nxg2 Qxh3 25. c4 Rxg2+ 26. Kf1 Rxf2+ 27.
Kxf2 Rg2+ 0-1

[Event "Washington Open"]
[Site "Chess.com"]
[Date "2020.05.25"]
[Round "?"]
[White "Merwin, Steven"]
[Black "Sairam, Pranav"]
[Result "0-1"]
[WhiteElo "1959"]
[BlackElo "2087"]
[PlyCount "84"]
[EventDate "2020.??.??"]

1. e4 e5 2. Nf3 Nf6 3. Bc4 Nxe4 4. Nc3 Nxc3 5. dxc3 f6 6. Nh4 g6 7. f4 Qe7 8.
f5 Qg7 9. fxg6 hxg6 10. Qg4 Kd8 11. Qg3 g5 12. Nf5 Qh7 13. Ne3 Qh4 14. Qxh4
Rxh4 15. g3 Rh8 16. O-O Be7 17. Nd5 c6 18. Nxf6 d5 19. Bd3 Bh3 20. Rf2 Bc5 21.
Bxg5 Kc7 22. b4 Bxf2+ 23. Kxf2 Nd7 24. Nxd7 Kxd7 25. Be3 Rhf8+ 26. Ke1 Rf3 27.
Kd2 a5 28. a4 axb4 29. cxb4 d4 30. Bg1 Raf8 31. b5 c5 32. a5 Bf5 33. Bxf5+
R3xf5 34. Ke2 Rf3 35. a6 bxa6 36. bxa6 Rc3 37. Kd2 e4 38. a7 Ra8 39. Rf1 Ke6
40. Ra1 Kd5 41. Ra6 e3+ 42. Kd1 Ke4 0-1

[Event "Washington Open"]
[Site "Chess.com"]
[Date "2020.05.23"]
[Round "?"]
[White "Lenderman, Aleksandr"]
[Black "Moore, Michael"]
[Result "1-0"]
[WhiteElo "2717"]
[BlackElo "1950"]
[PlyCount "63"]
[EventDate "2020.??.??"]

1. Nf3 d5 2. e3 Nf6 3. c4 e6 4. Nc3 Be7 5. b3 O-O 6. Bb2 b6 7. cxd5 exd5 8. d4
Bb7 9. g3 c5 10. Bg2 Nc6 11. O-O Ba6 12. Re1 Nb4 13. Ne5 Bd6 14. a3 Bxe5 15.
axb4 cxb4 16. dxe5 bxc3 17. Bxc3 Nd7 18. Rxa6 Qc8 19. Qa1 Nc5 20. Ra3 Rd8 21.
Rd1 Qf5 22. Qb1 Qe6 23. b4 Ne4 24. Bxe4 dxe4 25. Rd4 Rdc8 26. Qxe4 Re8 27. Kg2
a6 28. Qf3 Ra7 29. Rd6 Qc4 30. Qc6 Qxc6+ 31. Rxc6 Rb8 32. Bd4 1-0

[Event "Washington Open"]
[Site "Chess.com"]
[Date "2020.05.24"]
[Round "?"]
[White "Beck, Alec"]
[Black "Sohal, Tanraj"]
[Result "0-1"]
[WhiteElo "1942"]
[BlackElo "2326"]
[PlyCount "76"]
[EventDate "2020.??.??"]

1. d4 Nf6 2. c4 e6 3. Nf3 d5 4. Nc3 a6 5. cxd5 exd5 6. Bg5 Be6 7. e3 Nbd7 8.
Be2 Bd6 9. O-O O-O 10. Rc1 c6 11. Qb3 b5 12. Qc2 h6 13. Bh4 Qc7 14. Bg3 Bxg3
15. hxg3 Qd6 16. Nb1 Rac8 17. Nbd2 c5 18. dxc5 Nxc5 19. Qb1 Bg4 20. Nd4 Bxe2
21. Nxe2 Rc7 22. Nd4 Rfc8 23. N2b3 Nfe4 24. Rfd1 Nxf2 25. Kxf2 Ne4+ 26. Kg1
Qxg3 27. Qd3 Qf2+ 28. Kh2 Rxc1 29. Nxc1 Qh4+ 30. Kg1 Qf2+ 31. Kh2 Qxb2 32. Qb3
Qf2 33. Nce2 Nf6 34. Kh1 Ng4 35. Nf4 Nxe3 36. Nde2 g5 37. Rd3 gxf4 38. Nxf4
Qxf4 0-1

[Event "Washington Open"]
[Site "Chess.com"]
[Date "2020.05.25"]
[Round "?"]
[White "Beck, Alec"]
[Black "Airapetian, Chouchanik"]
[Result "1-0"]
[WhiteElo "1942"]
[BlackElo "2104"]
[PlyCount "171"]
[EventDate "2020.??.??"]

1. d4 Nf6 2. c4 g6 3. Nc3 Bg7 4. g3 O-O 5. Bg2 d6 6. Nf3 c6 7. O-O Qa5 8. h3
Nbd7 9. e4 e5 10. Be3 Re8 11. Qd2 exd4 12. Nxd4 Nc5 13. Nb3 Qc7 14. Nxc5 dxc5
15. Bxc5 Be6 16. Qe2 Nd7 17. Be3 Ne5 18. Bf4 Qa5 19. Bxe5 Bxe5 20. Rac1 Qb4 21.
Rfd1 Qxc4 22. Qxc4 Bxc4 23. b3 Be6 24. f4 Bc7 25. e5 Red8 26. Kf2 Rxd1 27. Rxd1
a5 28. Na4 Rd8 29. Ke2 h5 30. Rxd8+ Bxd8 31. Nc5 Bc8 32. Kd3 Kf8 33. a3 Be7 34.
b4 b6 35. Na4 axb4 36. axb4 Bxb4 37. Nxb6 Ba6+ 38. Nc4 c5 39. g4 h4 40. Bd5 Ke7
41. Ke4 Bb5 42. Bxf7 Ba4 43. e6 Bc6+ 44. Ke3 Bc3 45. Kd3 Bd4 46. Nb6 Bg1 47.
Nc8+ Kd8 48. Nd6 Ke7 49. Nc4 Bb5 50. Kc3 Bd4+ 51. Kb3 Bxc4+ 52. Kxc4 Be3 53.
Kd5 Bxf4 54. Bxg6 Kf6 55. Bf5 Ke7 56. Kxc5 Bg5 57. Kd5 Bf4 58. Bg6 Kf6 59. Bf7
Ke7 60. Ke4 Bc1 61. Kf5 Bd2 62. Kg6 Bc3 63. g5 Kf8 64. Kh5 Be1 65. Bg6 Bf2 66.
Bf5 Be1 67. g6 Bf2 68. Be4 Bc5 69. Kxh4 Kg7 70. Kg5 Be7+ 71. Kf4 Kf6 72. Bf5
Bd6+ 73. Ke4 Bf8 74. h4 Bh6 75. h5 Bf8 76. Bg4 Bh6 77. Kd5 Ke7 78. Ke5 Bg7+ 79.
Kf5 Bh6 80. Bh3 Bg7 81. Kg5 Bf6+ 82. Kh6 Kf8 83. Kh7 Be5 84. g7+ Bxg7 85. e7+
Kxe7 86. Kxg7 1-0

[Event "Washington Open"]
[Site "Chess.com"]
[Date "2020.05.24"]
[Round "?"]
[White "Huang, Patrick"]
[Black "Roberts, Teddy"]
[Result "1-0"]
[WhiteElo "2247"]
[BlackElo "1934"]
[PlyCount "73"]
[EventDate "2020.??.??"]

1. d4 d5 2. Bf4 Nf6 3. e3 Bf5 4. c4 c6 5. Nc3 e6 6. Qb3 Qb6 7. c5 Qxb3 8. axb3
Nbd7 9. Nf3 Be7 10. h3 O-O 11. b4 a6 12. Nd2 Rac8 13. Nb3 Bd8 14. Na5 Bxa5 15.
bxa5 Ne8 16. Be2 Nc7 17. O-O Rfe8 18. Bd6 Nb5 19. Bxb5 cxb5 20. Na2 Nf6 21. f3
Red8 22. Nb4 Ne8 23. Bg3 f6 24. Rfc1 Kf7 25. c6 bxc6 26. Nxc6 Rd7 27. Ne5+ fxe5
28. Rxc8 Nd6 29. Rc6 Nc4 30. Rxa6 Nxe3 31. Bxe5 Nc4 32. Rc6 Nxe5 33. dxe5 Ra7
34. a6 Bd3 35. Rb6 Ke8 36. Rb7 Ra8 37. a7 1-0

[Event "Washington Open"]
[Site "Chess.com"]
[Date "2020.05.23"]
[Round "?"]
[White "Sohal, Tanraj"]
[Black "Murray, David E"]
[Result "1-0"]
[WhiteElo "2326"]
[BlackElo "1924"]
[PlyCount "47"]
[EventDate "2020.??.??"]

1. d4 Nf6 2. Nf3 d5 3. c4 e6 4. Nc3 c6 5. Qb3 Bd6 6. Bg5 h6 7. Bh4 Nbd7 8. e3
O-O 9. Be2 Re8 10. O-O g5 11. Bg3 Qc7 12. Rac1 Ne4 13. Nxe4 dxe4 14. Nd2 Nf6
15. c5 Bxg3 16. fxg3 Nd5 17. Nxe4 f5 18. Nd6 Re7 19. e4 fxe4 20. Nxe4 Kg7 21.
Qf3 Rf7 22. Qh5 Ne3 23. Nd6 Nxf1 24. Ne8+ 1-0

[Event "Washington Open"]
[Site "Chess.com"]
[Date "2020.05.25"]
[Round "?"]
[White "Murray, David E"]
[Black "Shubin, Daniel"]
[Result "0-1"]
[WhiteElo "1924"]
[BlackElo "2161"]
[PlyCount "28"]
[EventDate "2020.??.??"]

1. d4 d5 2. Bf4 c5 3. e3 Nc6 4. c3 Qb6 5. Qc1 Bf5 6. Nf3 Nf6 7. Be2 e6 8. Nh4
Be4 9. Nd2 Rc8 10. dxc5 Bxc5 11. f3 Bxe3 12. Bxe3 Qxe3 13. fxe4 Ng4 14. g3 Qf2+
0-1

[Event "Washington Open"]
[Site "Chess.com"]
[Date "2020.05.23"]
[Round "?"]
[White "Mahajan, Rushaan"]
[Black "Tien, Sophie"]
[Result "1-0"]
[WhiteElo "2208"]
[BlackElo "1916"]
[PlyCount "103"]
[EventDate "2020.??.??"]

1. Nf3 d5 2. g3 Nf6 3. Bg2 e6 4. O-O Be7 5. d4 O-O 6. c4 c5 7. cxd5 Nxd5 8. Nc3
Nc6 9. e4 Nxc3 10. bxc3 cxd4 11. cxd4 Bf6 12. Be3 g6 13. Rb1 b6 14. Qd2 Bb7 15.
Bh6 Re8 16. Rfd1 Qd7 17. e5 Bh8 18. Be3 Ne7 19. Ng5 Nd5 20. Ne4 Nxe3 21. Qxe3
Bxe4 22. Bxe4 Rac8 23. f4 Bg7 24. d5 exd5 25. Bxd5 Qe7 26. Rd2 Bf8 27. Rbd1 Qc7
28. Qf3 Kg7 29. Bb3 Rcd8 30. Rd5 Rxd5 31. Qxd5 Qc5+ 32. Kg2 Qxd5+ 33. Rxd5 Bc5
34. Rd7 Re7 35. Rd8 Bb4 36. Kf3 Rc7 37. g4 a5 38. Ke4 Be7 39. Rb8 a4 40. Bd5
Bc5 41. f5 f6 42. Rg8+ Kh6 43. exf6 Kg5 44. f7 Kxg4 45. f6 b5 46. f8=Q Bxf8 47.
Rxf8 b4 48. f7 b3 49. axb3 axb3 50. Bxb3 Re7+ 51. Kd4 Kg5 52. Rd8 1-0

[Event "Washington Open"]
[Site "Chess.com"]
[Date "2020.05.24"]
[Round "?"]
[White "Whale, Nicholas"]
[Black "Tien, Sophie"]
[Result "1/2-1/2"]
[WhiteElo "2065"]
[BlackElo "1916"]
[PlyCount "141"]
[EventDate "2020.??.??"]

1. e4 e5 2. Nf3 Nc6 3. Bb5 a6 4. Ba4 d6 5. c3 Bd7 6. O-O g6 7. d4 Bg7 8. Bb3
Nge7 9. Bg5 h6 10. Be3 O-O 11. Ne1 Kh7 12. f4 f5 13. fxe5 dxe5 14. d5 Na5 15.
Nd2 Nxb3 16. Qxb3 fxe4 17. Rxf8 Qxf8 18. Nxe4 b6 19. Nf3 Nf5 20. Bf2 Nd6 21.
Nxd6 Qxd6 22. Re1 Bg4 23. Nd2 Rd8 24. c4 Bf5 25. Ne4 Bxe4 26. Rxe4 Bf8 27. Bg3
Re8 28. Qa4 Qf6 29. h3 Bc5+ 30. Kh2 Re7 31. Qc2 Qf1 32. Re1 Qf6 33. Qe4 Re8 34.
Qf3 Qg7 35. Qe4 Qf6 36. Qf3 Qg7 37. Re4 Bd4 38. Qe2 Qd7 39. Kh1 Qe7 40. Bh4 Qf7
41. Bg3 Qe7 42. Bf2 Bxf2 43. Qxf2 Kg7 44. Qe3 a5 45. a3 Qd6 46. Rh4 g5 47. Re4
Rf8 48. Kg1 Re8 49. h4 Qf6 50. hxg5 hxg5 51. Rg4 Kg6 52. Qf3 Rf8 53. Qxf6+ Rxf6
54. Re4 Rf5 55. b4 axb4 56. axb4 Kf6 57. c5 bxc5 58. bxc5 Rf4 59. Re3 Rd4 60.
Rf3+ Kg6 61. d6 cxd6 62. cxd6 Rxd6 63. Rf8 Rf6 64. Re8 Kf5 65. Kf2 Kf4 66. g3+
Kg4+ 67. Kg2 Rf3 68. Rxe5 Rxg3+ 69. Kf2 Rf3+ 70. Kg2 Kf4 71. Rxg5 1/2-1/2

[Event "Washington Open"]
[Site "Chess.com"]
[Date "2020.05.25"]
[Round "?"]
[White "Chen, Minda"]
[Black "Tien, Sophie"]
[Result "1/2-1/2"]
[WhiteElo "1966"]
[BlackElo "1916"]
[PlyCount "76"]
[EventDate "2020.??.??"]

1. d4 d5 2. c4 e6 3. Nc3 Nf6 4. Bg5 Be7 5. e3 Nbd7 6. cxd5 exd5 7. Bd3 c6 8.
Nge2 O-O 9. O-O Re8 10. Qc2 Nf8 11. f3 Ng6 12. Rfe1 Be6 13. a3 Rc8 14. Kh1 Nh5
15. Bxe7 Qxe7 16. b4 Nf6 17. Rac1 b6 18. Ba6 Rcd8 19. Nb1 Bc8 20. Bxc8 Rxc8 21.
Ng3 Qd7 22. Nd2 Re6 23. Nb3 Ne8 24. e4 Nd6 25. Qf2 dxe4 26. fxe4 Rce8 27. e5
Nb5 28. a4 Nc7 29. Rf1 f6 30. a5 fxe5 31. axb6 axb6 32. dxe5 Nxe5 33. Qxb6 Nd5
34. Qd4 Rg6 35. b5 cxb5 36. Rc5 Rd6 37. Nf5 Nf3 38. Qg4 g6 1/2-1/2

[Event "Washington Open"]
[Site "Chess.com"]
[Date "2020.05.23"]
[Round "?"]
[White "Kedjejian, Nareg"]
[Black "Huang, Patrick"]
[Result "1/2-1/2"]
[WhiteElo "1915"]
[BlackElo "2247"]
[PlyCount "151"]
[EventDate "2020.??.??"]

1. d4 g6 2. c4 Bg7 3. Nf3 d6 4. Nc3 Nd7 5. Bg5 h6 6. Bh4 c6 7. e3 Qc7 8. Be2
Ngf6 9. Qc2 O-O 10. O-O e5 11. Rfd1 Re8 12. Rac1 Nf8 13. b4 Bf5 14. e4 Bg4 15.
Bxf6 Bxf6 16. d5 Bg7 17. c5 Rad8 18. cxd6 Qxd6 19. dxc6 Qxc6 20. Bb5 Qe6 21.
Bxe8 Rxe8 22. Rd3 f5 23. Qb3 Rc8 24. Qxe6+ Nxe6 25. Rcd1 Rc4 26. h3 fxe4 27.
Nxe4 Bf5 28. Nfd2 Rxb4 29. f3 Nd4 30. Nb3 Be6 31. Nec5 Bc4 32. Re3 Kf7 33. Nd3
Bxd3 34. Rexd3 Rc4 35. Nxd4 exd4 36. Rb3 b6 37. Ra3 Rc7 38. Kf1 Ke6 39. Ke2 Kd5
40. Kd2 Be5 41. Rd3 Rc4 42. Rb1 Bf4+ 43. Ke1 Kc5 44. Ra3 Rc2 45. g3 Bxg3+ 46.
Kd1 Rh2 47. Rc1+ Kd6 48. Rxa7 Rh1+ 49. Kc2 Rxh3 50. Ra6 Kc5 51. Kb3+ Kd5 52.
Rxb6 Bd6 53. Rb5+ Ke6 54. Kc4 Rxf3 55. Kxd4 g5 56. Rh1 Rf6 57. Ke3 g4 58. Rb2
g3 59. Rg2 Kf7 60. a4 Kg6 61. Rh3 h5 62. a5 Kg5 63. Rgxg3+ Bxg3 64. Rxg3+ Kh6
65. Rg1 h4 66. Rb1 Kg5 67. Rb6 Rf5 68. a6 Ra5 69. Kf3 Ra3+ 70. Kg2 h3+ 71. Kh2
Kg4 72. Rb4+ Kg5 73. Rb5+ Kf4 74. Rb4+ Ke5 75. Rh4 Rxa6 76. Rxh3 1/2-1/2

[Event "Washington Open"]
[Site "Chess.com"]
[Date "2020.05.24"]
[Round "?"]
[White "Anand, Vignesh"]
[Black "Kedjejian, Nareg"]
[Result "1-0"]
[WhiteElo "2080"]
[BlackElo "1915"]
[PlyCount "65"]
[EventDate "2020.??.??"]

1. c4 e5 2. Nc3 Nf6 3. g3 Nc6 4. Bg2 Bc5 5. a3 d6 6. b4 Bb6 7. d3 h6 8. e3 O-O
9. Nge2 Re8 10. Na4 Qe7 11. Bb2 Bg4 12. h3 Bh5 13. O-O Nd8 14. g4 Bg6 15. d4
exd4 16. Nxb6 axb6 17. Nxd4 Be4 18. f3 Bg6 19. e4 Nc6 20. Nxc6 bxc6 21. f4 Bxe4
22. g5 hxg5 23. fxg5 Bxg2 24. gxf6 Qe4 25. Rf2 Bxh3 26. Qh5 Qg4+ 27. Qxg4 Bxg4
28. Rg2 Re2 29. Rxg4 Rxb2 30. Rxg7+ Kf8 31. Rh7 Kg8 32. Rh3 Re8 33. Kh1 1-0

[Event "Washington Open"]
[Site "Chess.com"]
[Date "2020.05.23"]
[Round "?"]
[White "Airapetian, Chouchanik"]
[Black "Min, Ryan"]
[Result "1-0"]
[WhiteElo "2104"]
[BlackElo "1915"]
[PlyCount "95"]
[EventDate "2020.??.??"]

1. e4 e5 2. Nf3 Nc6 3. Bc4 Bc5 4. c3 Bb6 5. d4 Qe7 6. O-O Nf6 7. d5 Nb8 8. Bg5
d6 9. Nbd2 Nbd7 10. b4 h6 11. Be3 Nf8 12. a4 Ng4 13. Bxb6 axb6 14. h3 Nf6 15.
a5 bxa5 16. Rxa5 Rxa5 17. bxa5 Ng6 18. Bb5+ Bd7 19. Qb3 c6 20. dxc6 bxc6 21.
Ba4 O-O 22. a6 Bc8 23. Qb6 Nd7 24. Qa5 Nc5 25. a7 Ba6 26. Ra1 Qxa7 27. Bxc6 Qe7
28. Qb6 Nf4 29. Nb3 Be2 30. Nbd2 Qe6 31. Kh2 Ncd3 32. Ne1 g5 33. Nxd3 Bxd3 34.
Qe3 Rc8 35. Bd5 Nxd5 36. Qxd3 Nf4 37. Qe3 d5 38. Re1 f6 39. Nf3 dxe4 40. Qxe4
Rxc3 41. Ra1 Rc8 42. Ra7 f5 43. Qb7 Nh5 44. Qh7+ Kf8 45. Qh8+ Qg8 46. Qxh6+ Ng7
47. Qd6+ Ke8 48. Qe7# 1-0

[Event "Washington Open"]
[Site "Chess.com"]
[Date "2020.05.24"]
[Round "?"]
[White "Min, Ryan"]
[Black "Chen, Minda"]
[Result "0-1"]
[WhiteElo "1915"]
[BlackElo "1966"]
[PlyCount "74"]
[EventDate "2020.??.??"]

1. d4 Nf6 2. c4 e6 3. Nc3 d5 4. cxd5 exd5 5. Bg5 Be7 6. e3 O-O 7. Bd3 b6 8.
Nge2 Bb7 9. Ng3 Ne4 10. h4 f5 11. Qb3 Nxg3 12. fxg3 c6 13. Bf4 Na6 14. h5 Nc7
15. Qc2 Qd7 16. g4 fxg4 17. Bxh7+ Kh8 18. h6 g5 19. Bg3 Bd6 20. Bxd6 Qxd6 21.
O-O-O g3 22. Bf5 Rf7 23. Rdf1 Raf8 24. Rf3 Qe7 25. Ne2 g4 26. Bxg4 Rxf3 27.
Bxf3 Qxe3+ 28. Kb1 Rf6 29. Nxg3 Ba6 30. Ka1 Qxd4 31. Re1 Bd3 32. Qd2 Ne6 33.
Rd1 Nf4 34. Ne2 Nxe2 35. Bxe2 Rf2 36. Qxd3 Qe5 37. Bf3 Qxb2# 0-1

[Event "Washington Open"]
[Site "Chess.com"]
[Date "2020.05.23"]
[Round "?"]
[White "Lavoice, Richard"]
[Black "Anand, Vignesh"]
[Result "0-1"]
[WhiteElo "1911"]
[BlackElo "2080"]
[PlyCount "94"]
[EventDate "2020.??.??"]

1. f4 e5 2. fxe5 d6 3. exd6 Bxd6 4. Nf3 g5 5. g3 Nc6 6. c3 Qe7 7. d4 h6 8. Nbd2
f5 9. Nc4 Nf6 10. Qd3 Ne4 11. Nxd6+ Nxd6 12. Bd2 Ne4 13. Bg2 Bd7 14. Rf1 O-O-O
15. O-O-O Be6 16. Ne1 Ne5 17. Qc2 Nxd2 18. Rxd2 Ng4 19. Qa4 a6 20. Bxb7+ Kxb7
21. Nd3 Qd6 22. Nc5+ Ka7 23. b4 Bd7 24. Qb3 Nxh2 25. Rh1 Ng4 26. a4 Nf2 27. Rf1
Ne4 28. Nxe4 fxe4 29. c4 Rb8 30. c5 Qc6 31. b5 Be6 32. d5 Qxc5+ 33. Rc2 Bxd5
34. Rxc5 Bxb3 35. Rxc7+ Rb7 36. Rc6 axb5 37. axb5 Rxb5 38. Kd2 Bd5 39. Rd6 Bb3
40. Rff6 Rd5+ 41. Ke3 Rxd6 42. Rxd6 h5 43. Kxe4 h4 44. Rd7+ Kb6 45. gxh4 gxh4
46. Kf4 h3 47. Rd3 Bc4 0-1